| 000 | 00888cam a22002653a 4500 | ||
|---|---|---|---|
| 001 | 535 | ||
| 003 | PGUSA | ||
| 005 | 20140828082949.0 | ||
| 008 | 960501s1996||||xxu|||||s|||||000 | eng d | ||
| 040 |
_aPGUSA _beng |
||
| 042 | _adc | ||
| 050 | 4 | _aPR | |
| 100 | 1 |
_aStevenson, Robert Louis, _d1850-1894 |
|
| 245 | 1 | 0 |
_aTravels with a Donkey in the Cevennes _h[electronic resource] / _cRobert Louis Stevenson |
| 260 |
_bProject Gutenberg, _c1996 |
||
| 506 | _aPublic domain in the USA. | ||
| 516 | _aElectronic text | ||
| 653 | _aAuthors, Scottish -- 19th century -- Biography | ||
| 653 | _aStevenson, Robert Louis, 1850-1894 -- Travel -- France -- Cévennes Mountains | ||
| 653 | _aCévennes Mountains (France) -- Description and travel | ||
| 700 | 1 |
_aCrane, Walter, _d1845-1915 |
|
| 830 | 0 |
_aProject Gutenberg _v535 |
|
| 856 | 4 | 0 | _uhttp://www.gutenberg.org/ebooks/535 |
| 942 | _cEB | ||
| 999 |
_c229886 _d229886 |
||